Comentários à lei de licitações e contratações administrativas : (Record no. 1509)
[ view plain ]
| 000 -LÍDER | |
|---|---|
| Campo Fixo de Controle | 00923nam a2200253 a 4500 |
| 001 - NÚMERO DE CONTROLE | |
| Campo de Controle | 1509 |
| 003 - IDENTIFICAÇÃO DO NÚMERO DE CONTROLE | |
| Campo de Controle | BR-CuiBMT |
| 005 - DATA E HORA DA ÚLTIMA ATUALIZAÇÃO | |
| Campo de Controle | 20231213003458.0 |
| 008 - DADOS FIXOS | |
| Dados Fixos | 230830s2023 spba 001 0 por d |
| 020 ## - INTERNATIONAL STANDARD BOOK NUMBER | |
| Nº do ISBN | 9786526002315 |
| 040 ## - AGÊNCIA CATALOGADORA | |
| Código da Agência Catalogadora | BR-CuiBMT |
| Agência que transcreveu o registro | BR-CuiBMT |
| 080 ## - Nº DA CLASSIFICAÇÃO DECIMAL UNIVERSAL | |
| Nº Class. CDU | 351.712.2.02 |
| Nº edição CDU | 2007 |
| 090 ## - NÚMERO DE CHAMADA | |
| Nº classificação | 351.712.2.02 |
| Cutter | J96c |
| 100 1# - ENTRADA PRINCIPAL -- AUTOR PESSOAL | |
| Nome pessoal | Justen Filho, Marçal, |
| Datas associadas ao nome | 1955- |
| 245 00 - TÍTULO PRINCIPAL | |
| Título principal | Comentários à lei de licitações e contratações administrativas : |
| Subtítulo | atualizado de acordo com a MP 1.167/2023 : nova Lei 14.133/2021 / |
| Indicação de responsabilidade | Marçal Justen Filho. |
| 250 ## - EDIÇÃO | |
| Edição | 2. ed., rev., atual. e ampl. |
| 260 ## - PUBLICAÇÃO, DISTRIBUIÇÃO, ETC. | |
| Local de publicação | São Paulo : |
| Editora | Revista dos Tribunais, |
| Data | 2023. |
| 300 ## - DESCRIÇÃO FÍSICA | |
| N. páginas ou volumes | 1869 p. : |
| Ilustrações | il. ; |
| Dimensões | 25 cm |
| 504 ## - NOTA DE BIBLIOGRAFIA, ETC. | |
| Nota de bibliografia | Inclui bibliografia. |
| 650 ## - ASSUNTO TÓPICO | |
| Cabeçalho tópico ou nome geográfico | Direito administrativo |
| Subdivisão geral | Licitações |
| Subdivisão geográfica | Brasil |
| 650 ## - ASSUNTO TÓPICO | |
| Cabeçalho tópico ou nome geográfico | Licitação |
| Subdivisão geral | Legislação |
| -- | Análise |
| Subdivisão geográfica | Brasil |
| 650 ## - ASSUNTO TÓPICO | |
| Cabeçalho tópico ou nome geográfico | Contratação pública |
| Subdivisão geral | Normas de controle |
| 942 ## - ELEMENTOS DE ENTRADA ADICIONAIS (KOHA) | |
| Fonte de classificação ou esquema de arquivamento | Classificação Decimal Universal |
| Tipo de item do Koha | Livros |
| Estado: removido | Estado: perdido | Fonte de classificação ou esquema de arquivamento | Estado: danificado | Indisponível para empréstimo | Localização permanente | Localização atual | Data de aquisição | Total Checkouts | Número de Chamada completo | Código de barras | Date last seen | Número do exemplar | Preço efetivo a partir de | Tipo de item (Koha) |
|---|---|---|---|---|---|---|---|---|---|---|---|---|---|---|
| Classificação Decimal Universal | Biblioteca da Escola Superior de Contas do TCE/MT | Biblioteca da Escola Superior de Contas do TCE/MT | 12/12/2023 | 351.712.2.02 J96c 2. ed. | BIBTCEMT23120433 | 13/12/2023 | Ex. 1 | 13/12/2023 | Livros |